LEADER 04599nam 2201105z- 450 001 9910580207503321 005 20220706 035 $a(CKB)5690000000012013 035 $a(oapen)https://directory.doabooks.org/handle/20.500.12854/87444 035 $a(oapen)doab87444 035 $a(EXLCZ)995690000000012013 100 $a20202207d2022 |y 0 101 0 $aeng 135 $aurmn|---annan 181 $ctxt$2rdacontent 182 $cc$2rdamedia 183 $acr$2rdacarrier 200 00$aCybersecurity and the Digital Health: An Investigation on the State of the Art and the Position of the Actors 210 $aBasel$cMDPI - Multidisciplinary Digital Publishing Institute$d2022 215 $a1 online resource (256 p.) 311 08$a3-0365-4388-0 311 08$a3-0365-4387-2 330 $aCybercrime is increasingly exposing the health domain to growing risk. The push towards a strong connection of citizens to health services, through digitalization, has undisputed advantages. Digital health allows remote care, the use of medical devices with a high mechatronic and IT content with strong automation, and a large interconnection of hospital networks with an increasingly effective exchange of data. However, all this requires a great cybersecurity commitment-a commitment that must start with scholars in research and then reach the stakeholders. New devices and technological solutions are increasingly breaking into healthcare, and are able to change the processes of interaction in the health domain. This requires cybersecurity to become a vital part of patient safety through changes in human behaviour, technology, and processes, as part of a complete solution. All professionals involved in cybersecurity in the health domain were invited to contribute with their experiences. This book contains contributions from various experts and different fields. Aspects of cybersecurity in healthcare relating to technological advance and emerging risks were addressed. The new boundaries of this field and the impact of COVID-19 on some sectors, such as mhealth, have also been addressed. We dedicate the book to all those with different roles involved in cybersecurity in the health domain. 517 $aCybersecurity and the Digital Health 606 $aMedical equipment and techniques$2bicssc 610 $a5G networks 610 $aaccess control 610 $aadolescence 610 $aapp 610 $aartificial pancreas 610 $aauditability 610 $aauthentication 610 $aawareness 610 $ablockchain 610 $abody area network 610 $acloud 610 $acontact tracing 610 $aCOVID-19 610 $acyber-risk 610 $acybersecurity 610 $acybersecurity culture 610 $adecentralized identity 610 $adigital gender gap 610 $adigital health 610 $adigital identity 610 $aeHealth 610 $aelectronic medical record 610 $aemergency access 610 $aemotional well-being 610 $aEthereum 610 $afall detection 610 $afall prediction 610 $afall prevention 610 $afall risk factors 610 $afuzzy cognitive maps 610 $agait assessment 610 $ahealth domain 610 $ahealthcare 610 $ahealthcare domain 610 $ahealthcare service 610 $ahyperledger composer 610 $ahyperledger fabric 610 $aidentity management 610 $ainternet of things 610 $akey performance indicators 610 $amedical devices 610 $amHealth 610 $an/a 610 $apacemaker 610 $apandemic 610 $apersonal health record 610 $aphishing 610 $aplanning 610 $aprivacy 610 $aprivacy & 610 $aregulation 610 $areview 610 $ascenario analysis 610 $asecurity 610 $asecurity assessment 610 $asecurity protocol 610 $asexism 610 $asmart contract 610 $asocial networks 610 $atechnology convergence 610 $atelehealth 610 $awearable device 610 $awireless communication 615 7$aMedical equipment and techniques 700 $aGiansanti$b Daniele$4edt$01290298 702 $aGiansanti$b Daniele$4oth 906 $aBOOK 912 $a9910580207503321 996 $aCybersecurity and the Digital Health: An Investigation on the State of the Art and the Position of the Actors$93040811 997 $aUNINA LEADER 01656nam2 22003973i 450 001 LO10547659 005 20251003044212.0 010 $a8815079181 100 $a20010419d2001 ||||0itac50 ba 101 | $aita 102 $ait 181 1$6z01$ai $bxxxe 182 1$6z01$an 183 1$6z01$anc$2RDAcarrier 200 1 $aˆ5: L'‰era americana$egli Stati Uniti da Franklin D. Roosevelt a George W. Bush$fRinaldo Petrignani 210 $aBologna$cIl mulino$d [2001] 215 $a526 p.$d22 cm 225 | $aˆLe ‰vie della civiltà 410 0$1001CFI0025045$12001 $aˆLe ‰vie della civiltà 461 1$1001CFI0109319$12001 $aStoria degli Stati Uniti d'America 606 $aStati Uniti d'America$xStoria$x1933-2000$2FIR$3PUVC135035$9I 676 $a973$9Stati Uniti$v14 676 $a973.9$9STORIA DEGLI STATI UNITI. 20. SECOLO, 1901-$v19 676 $a973.9$9STORIA. STATI UNITI. 1901-$v21 676 $a973.9$9STORIA. Stati Uniti. 1901-$v22 676 $a973.917$9STORIA DEGLI STATI UNITI, 1933-1945$v20 700 1$aPetrignani$b, Rinaldo$3CFIV052054$4070$0118270 801 3$aIT$bIT-000000$c20010419 850 $aIT-BN0095 $aIT-NA0079 $aIT-NA0593 $aIT-AV0045 901 $bNAP LS$cLS $n$ 901 $bNAP BN$cS.AMER. $nAcquisti sezione americana 912 $aLO10547659 950 2$aBiblioteca Centralizzata di Ateneo$c1 v.$d 01POZZO LIB.ECON MON 1393$e 0101 0000207445E VMA 1 v. (Precedente collocazione: DASES B 1683)$fB $h20091221$i20091221 977 $a 01$a BN$a LS$a MV 996 $aEra americana$964107 997 $aUNISANNIO